League of Legends - Les mages - Statistiques

Statistiques générales
  • Ce quiz a été pris 216 fois
  • Le résultat moyen est 36 sur 61
Statistiques - réponses
Hint Réponse % Correct
1 Ahri
90%
32 Lux
82%
3 Anivia
75%
4 Annie
75%
6 Azir
75%
8 Brand
75%
31 Lulu
74%
61 Zyra
74%
47 Syndra
72%
35 Morgana
71%
41 Ryze
71%
52 Vel'Koz
71%
51 Veigar
70%
56 Xerath
68%
39 Orianna
67%
5 Aurelion Sol
65%
30 Lissandra
65%
54 Viktor
65%
24 Kassadin
64%
44 Soraka
64%
20 Janna
62%
42 Seraphine
62%
22 Karma
61%
36 Nami
61%
43 Sona
61%
59 Zilean
61%
60 Zoé
61%
9 Cassiopeia
60%
28 LeBlanc
60%
58 Ziggs
60%
33 Malzahar
59%
46 Sylas
59%
57 Yuumi
59%
7 Bard
58%
18 Heimerdinger
58%
13 Evelynn
56%
23 Karthus
56%
25 Katarina
56%
37 Neeko
56%
11 Diana
55%
12 Elise
55%
26 Kennen
55%
2 Amumu
53%
55 Vladimir
53%
45 Swain
52%
53 Vex
50%
29 Lillia
48%
15 Fiddlesticks
47%
38 Nidalee
47%
49 Twisted Fate
47%
14 Ezreal
45%
17 Gragas
45%
10 Cho'gath
44%
16 Galio
44%
48 Taliyah
43%
19 Ivern
41%
40 Rumble
41%
50 Varus
41%
27 Kog'maw
39%
34 Maokai
38%
21 Jhin
24%
Aucun quiz correspondant
Distribution des résultats
% des personnes avec chaque résultat
Percentile par nombre de réponses
Votre historique - résultats
Vous n’avez pas pris ce quiz